Calculus And Analytical Geometry (Record no. 303632)

MARC details
000 -LEADER
fixed length control field 00377nam a2200157Ia 4500
008 - FIXED-LENGTH DATA ELEMENTS--GENERAL INFORMATION
fixed length control field 230718s9999 xx 000 0 und d
041 ## - LANGUAGE CODE
Language code of text/sound track or separate title eng
082 ## - DEWEY DECIMAL CLASSIFICATION NUMBER
Classification number 515.15
Item number MIZ
100 ## - MAIN ENTRY--PERSONAL NAME
Personal name Mizrabi
9 (RLIN) 128063
245 ## - TITLE STATEMENT
Title Calculus And Analytical Geometry
260 ## - PUBLICATION, DISTRIBUTION, ETC. (IMPRINT)
Date of publication, distribution, etc. 1985
Name of publisher, distributor, etc. Wadsworth
300 ## - PHYSICAL DESCRIPTION
Extent 1050
365 ## - TRADE PRICE
Currency code Rs.
700 ## - ADDED ENTRY--PERSONAL NAME
Personal name Mizrabi & Sullivan
9 (RLIN) 187604
906 ## - LOCAL DATA ELEMENT F, LDF (RLIN)
c MATHS
Holdings
Withdrawn status Lost status Damaged status Not for loan Home library Current library Date acquired Vendor Budget Code Total Checkouts Full call number Barcode Date last seen Date last checked out Bill Date Koha item type Original Barcode
        Cummins College of Engineering for Women Pune Cummins College of Engineering for Women Pune 12/06/2002 Masurkar Enterprises MATHS 2 515.15 CCEP-BK-14839 29/04/2025 10/04/2025 18/07/2023 Books 014839